000 00998nam a2200265 a 4500
001 000021553
005 20200930011349.0
008 100909s1977 dr 001 0 spa d
040 _aDO-SdBNP
_bspa
_cBNPHU
041 1 7 _aspa
_heng
082 _a327.7307293
_bL917d
100 1 _aLowenthal, Abraham F.
_944924
240 1 0 _aThe dominican intervention
_lespañol
245 1 3 _aEl desatino americano /
_cAbraham Lowenthal.
260 _aSanto Domingo :
_bEditora de Santo Domingo,
_c1977.
300 _a250 p. ;
_c23 cm.
500 _aIncluye datos biográficos del autor en la contraportada.
500 _aTraducido del inglés.
504 _aBibliografía : p. 233-250.
590 _aInventariado, 2018/BT
651 4 _aRepública Dominicana
_xHistoria
_yREVOLUCIÓN, 1965
_92167
651 4 _aRepública Dominicana
_xRelaciones Exteriores
_zEstados Unidos
_96308
650 1 _aEstados unidos
_xRelaciones exteriores
_zRepública Dominicana
_944925
910 _aValidado. Control de calidad. EMS
999 _c21052
_d21052